| 000 | 01297nam0a22002651 4500 | ||
|---|---|---|---|
| 001 | rc\493419 | ||
| 005 | 20250621105138.0 | ||
| 035 | _a(NLR Aleph) 005735164 | ||
| 090 |
_a7620175 _c7620175 |
||
| 100 | _a20030616d1987 |||y0rusy50 ca | ||
| 101 | 0 | _arus | |
| 102 | _aRU | ||
| 105 | _aa ||||||||| | ||
| 200 | 1 |
_aМетрологическая аттестация и поверка трубопоршневых поверочных установок _f[Фатхутдинов А.Ш.] |
|
| 210 |
_aМ. _cВНИИОЭНГ _d1987 |
||
| 215 |
_a40 с. _cил. _d20 |
||
| 225 | 1 |
_aНефтяная промышленность _iСерия "Автоматизация и телемеханизация нефтяной промышленности" _eОбзор. информ. по информ. обеспечению отрасл. науч.-техн. программ _fВНИИ орг., упр. и экономики нефтегазовой пром-сти _vВып. 3 (53) |
|
| 300 | _aВ надзаг. также: М-во нефт. пром-сти | ||
| 320 | _aБиблиогр.: с. 39-40 | ||
| 701 | 1 |
_aФатхутдинов _bА.Ш. _gАйрат Шайхулисламович |
|
| 801 | 0 |
_aRU _bNLR _gpsbo |
|
| 801 | 1 |
_aRU _bELAR _2rusmarc |
|
| 852 |
_aNLR _jП10/5850 |
||
| 942 | _cBOOK | ||
| 980 | _aNB | ||